| 000 | 01791nam0a2200385 4500 | ||
|---|---|---|---|
| 001 | RU\NLR\BIBL_A\022123466 | ||
| 005 | 20240209163514.0 | ||
| 010 |
_a978-5-85529-218-3 _9100 |
||
| 021 |
_aRU _bКН-П-23-078279 _9КН-П-23-7909 |
||
| 035 | _a(NLR Aleph) 022123466 | ||
| 035 | _a(RuMoRGB)012433154 | ||
| 090 |
_a12814111 _c12814111 |
||
| 100 | _a20240201d2023 u y0rusy50 ca | ||
| 101 | 0 | _arus | |
| 102 | _aRU | ||
| 105 | _aa z 000yy | ||
| 181 | 0 |
_ai _baxxe |
|
| 182 | 0 | _an | |
| 200 | 1 |
_aПрименение глиноцементобетона в практике гидротехнического строительства _eмонография _fС. В. Сольский, Р. Н. Орищук, А. С. Величко _gВНИИГ имени Б. Е. Веденеева |
|
| 203 |
_aТекст _bвизуальный _cнепосредственный |
||
| 210 |
_aСанкт-Петербург _cВНИИГ _d2023 |
||
| 215 |
_a258 с. _cил., табл., цв. ил. _d22 |
||
| 320 | _aБиблиогр.: с. 250-254 (52 назв.) | ||
| 606 | 1 |
_aГидротехнические сооружения _xПротивофильтрационные устройства _91449602 _3RU\NLR\AUTH\66304045 |
|
| 606 | 1 |
_aГлинобетон _xПрименение в гидротехническом строительстве _91399348 _3RU\NLR\AUTH\66276220 |
|
| 675 |
_a626/627:691.32 _v4 |
||
| 686 | 1 | _aН77-043 | |
| 686 | 1 | _aН77-033.1 | |
| 700 | 1 |
_aСольский _bС. В. _gСтанислав Викторович |
|
| 701 | 1 |
_aОрищук _bР. Н. _gРоман Николаевич |
|
| 701 | 1 |
_aВеличко _bА. С. _gАлексей Сергеевич |
|
| 942 | _cBOOK | ||
| 980 | _aNB | ||